000 00408nam a2200169Ia 4500
008 170705s9999 xx 000 0 und d
020 _a9780590459952
245 _aOn the go /
245 _cby Ann Morris ; photographs by Ken Heyman.
260 _aNew York :
260 _bScholastic,
260 _c1990
300 _aunpaged :
300 _bcolor illustration ;
300 _c20cm.
500 _a480
999 _c337180
_d337180